Isotopic tracers in biology : an introduction to tracer methodology /

Hlavní autor: Kamen, Martin D. 1913-2002
Jazyk: Angličtina
Vydáno: New York : Academic Press, 1957
Vydání: 3. ed., revis., enlarg. and reset.
Fyzický popis: 12, 474 s.
Knihy
Uloženo v:
LEADER 00758nam a22002292a 4500
001 001430139
003 CZ BrMZK
005 20141030131408.0
007 ta
008 141020s1957 xxu er|||||||||||eng d
040 |a BOA001  |b cze 
100 1 |a Kamen, Martin D.  |q (Martin David),  |d 1913-2002  |7 nlk20040154221  |4 aut 
245 1 0 |a Isotopic tracers in biology :  |b an introduction to tracer methodology /  |c Martin David Kamen 
250 |a 3. ed., revis., enlarg. and reset. 
260 |a New York :  |b Academic Press,  |c 1957 
300 |a 12, 474 s. 
500 |a Reprint 
504 |a Obsahuje bibliografie 
910 |a BOA001  |b 2-0417.288 
990 |a BK 
991 |b 201410 
996 7 |b 2619123987  |c 2-0417.288  |l MZK  |r Sklad / do 24 hodin  |n 0  |w 001467381  |u 000010  |a 1  |e BOA001  |j MZK50  |s A